Normal view MARC view

Entry Personal Name

Number of records used in: 2

001 - CONTROL NUMBER

  • control field: 81306

003 - CONTROL NUMBER IDENTIFIER

  • control field: dpl

005 - DATE AND TIME OF LATEST TRANSACTION

  • control field: 20250521104520.0

008 - FIXED-LENGTH DATA ELEMENTS

  • fixed length control field: 250521|| aca||aabn | a|a d

040 ## - CATALOGING SOURCE

  • Original cataloging agency: dpl
  • Transcribing agency: dpl

100 ## - HEADING--PERSONAL NAME

  • Personal name: 'नीरव' नेकराम

670 ## - SOURCE DATA FOUND

  • Source citation: Work cat.: (dpl)209630: 'नीरव' नेकराम , गब्बास रहा हूँ :, 2022

© Delhi Public Library
Hit Counter
free hit counter